|
|
|
|
| LEADER |
00813nab a2200229 i 4500 |
| 001 |
acta12864 |
| 005 |
20220617084438.0 |
| 008 |
161015s2009 hu o 0|| eng d |
| 022 |
|
|
|a 0324-721X
|
| 040 |
|
|
|a SZTE Egyetemi Kiadványok Repozitórium
|b hun
|
| 041 |
|
|
|a eng
|
| 100 |
1 |
|
|a Droste Manfred
|
| 245 |
1 |
0 |
|a Preface
|h [elektronikus dokumentum] /
|c Droste Manfred
|
| 260 |
|
|
|c 2009
|
| 300 |
|
|
|a 247
|
| 490 |
0 |
|
|a Acta cybernetica
|v 19 No. 2
|
| 650 |
|
4 |
|a Természettudományok
|
| 650 |
|
4 |
|a Számítás- és információtudomány
|
| 695 |
|
|
|a Számítástechnika - előszó, Kibernetika - előszó
|
| 700 |
0 |
1 |
|a Vogler Heiko
|e aut
|
| 710 |
|
|
|a Weighted Automata : Theory and Applications (2008) (Dresden)
|
| 856 |
4 |
0 |
|u http://acta.bibl.u-szeged.hu/12864/1/WATA2008Preface_2009_ActaCybernetica.pdf
|z Dokumentum-elérés
|